[Event "Internet Section 06B g/8'+2\""]
[Site "Dos Hermanas"]
[Date "2004.03.06"]
[Round "6"]
[White "Chen, Byron"]
[Black "Campers, William"]
[Result "0-1"]
[WhiteElo "1760"]
[BlackElo "1452"]
[PlyCount "70"]
[EventDate "2004.03.06"]
[EventType "swiss (blitz)"]
[EventRounds "9"]
[EventCountry "ESP"]
[SourceTitle "CBM 099 Extra"]
[Source "ChessBase"]
[SourceDate "2004.05.04"]
[SourceVersion "1"]
[SourceVersionDate "2004.05.04"]
[SourceQuality "1"]

1. e4 e6 2. d4 d5 3. Nd2 Nf6 4. e5 Nfd7 5. c3 Be7 6. Bd3 0-0 7. Ngf3 f6 8. exf6 Nxf6 9. 0-0 Nbd7 10. Nb3 c5 11. dxc5 Nxc5 12. Nxc5 Bxc5 13. Bg5 Bd6 14. Qc2 h6 15. Bxf6 Qxf6 16. Qe2 e5 17. Nd2 e4 18. Bb5 Qf4 19. g3 Qg5 20. Nxe4 dxe4 21. Qxe4 Kh8 22. Bd3 Bf5 23. Qd4 Bxd3 24. Qxd3 Rad8 25. Qe4 Bc5 26. Qxb7 Bb6 27. Qg2 Rd2 28. Kh1 Rdxf2 29. Rxf2 Rxf2 30. Qa8+ Kh7 31. Qe4+ Qg6 32. Qxg6+ Kxg6 33. Rb1 Kf5 34. b3 Kg4 35. Rg1 Kh3 0-1

[Event "Internet Section 06B g/8'+2\""]
[Site "Dos Hermanas"]
[Date "2004.03.06"]
[Round "7"]
[White "McKenzie, Colin D"]
[Black "Chen, Byron"]
[Result "1-0"]
[WhiteElo "1509"]
[BlackElo "1733"]
[PlyCount "43"]
[EventDate "2004.03.06"]
[EventType "swiss (blitz)"]
[EventRounds "9"]
[EventCountry "ESP"]
[SourceTitle "CBM 099 Extra"]
[Source "ChessBase"]
[SourceDate "2004.05.04"]
[SourceVersion "1"]
[SourceVersionDate "2004.05.04"]
[SourceQuality "1"]

1. e4 c5 2. Nf3 e6 3. d4 cxd4 4. Nxd4 a6 5. Bd3 Qc7 6. Nc3 Nf6 7. Be3 Bb4 8. 0-0 Bxc3 9. bxc3 Qxc3 10. f4 d6 11. e5 dxe5 12. fxe5 Nd5 13. Qf3 Qc7 14. Bd2 Rf8 15. Rae1 Nd7 16. Qh5 h6 17. Kh1 Ne7 18. Nxe6 Qc6 19. Nxf8 g6 20. Nxg6 Nxg6 21. Qxh6 Ndxe5 22. Bxg6 1-0